|
|
|
|
| LEADER |
01864nam a2200517 a 4500 |
| 001 |
nkc20071781020 |
| 003 |
CZ PrNK |
| 005 |
20080425093927.0 |
| 007 |
ta |
| 008 |
071127s2007 xr f 001 0deng |
| 015 |
|
|
|a cnb001781020
|
| 020 |
|
|
|a 978-80-246-1456-4
|q (brož.)
|
| 035 |
|
|
|a (OCoLC)228778737
|
| 040 |
|
|
|a OLA001
|b cze
|d ABA001
|d OLA001
|
| 041 |
0 |
|
|a eng
|a cze
|
| 045 |
|
|
|a w9x4
|
| 072 |
|
7 |
|a 821.162.3.09
|x Česká literatura (o ní)
|2 Konspekt
|9 11
|
| 080 |
|
|
|a 821.162.3-051
|2 MRF
|
| 080 |
|
|
|a 821.162.3
|2 MRF
|
| 080 |
|
|
|a 82.07
|2 MRF
|
| 080 |
|
|
|a (048.8)
|2 MRF
|
| 100 |
1 |
|
|a Chitnis, Rajendra A.,
|d 1972-
|7 xx0071827
|4 aut
|
| 245 |
1 |
0 |
|a Vladislav Vančura: the heart of the Czech avant-garde /
|c Rajendra A. Chitnis
|
| 250 |
|
|
|a 1st ed.
|
| 260 |
|
|
|a Prague :
|b Karolinum,
|c 2007
|
| 300 |
|
|
|a 172 s. ;
|c 21 cm
|
| 504 |
|
|
|a Obsahuje bibliografii, bibliografické odkazy a rejstřík
|
| 546 |
|
|
|a Část. český text
|
| 550 |
|
|
|a Vydavatel: Univerzita Karlova v Praze
|
| 600 |
1 |
7 |
|a Vančura, Vladislav,
|d 1891-1942
|7 jk01141424
|2 czenas
|
| 648 |
|
7 |
|a 1890-1945
|7 ch460675
|2 czenas
|
| 648 |
|
7 |
|a 20. století
|7 ch460558
|2 czenas
|
| 650 |
0 |
7 |
|a čeští spisovatelé
|7 ph128175
|y 20. století
|2 czenas
|
| 650 |
0 |
7 |
|a česká literatura
|7 ph116858
|y 1890-1945
|2 czenas
|
| 650 |
0 |
7 |
|a interpretace a přijetí literárního díla
|7 ph137145
|2 czenas
|
| 650 |
0 |
9 |
|a Czech authors
|y 20th century
|2 eczenas
|
| 650 |
0 |
9 |
|a Czech literature
|y 1890-1945
|2 eczenas
|
| 650 |
0 |
9 |
|a interpretation and reception of literature
|2 eczenas
|
| 655 |
|
7 |
|a studie
|7 fd133597
|2 czenas
|
| 655 |
|
9 |
|a studies
|2 eczenas
|
| 710 |
2 |
|
|a Univerzita Karlova
|7 kn20010710036
|
| 910 |
2 |
|
|a BOA001
|b 2-1199.195
|
| 990 |
|
|
|a BK
|
| 995 |
|
|
|a 01
|
| 991 |
|
|
|b 200803
|c NOV
|
| 996 |
6 |
|
|b 2610335549
|c 2-1199.195
|l MZK
|r Sklad / do 1 hodiny
|n 4
|p p.v.
|w 000886743
|u 000010
|a 1
|e BOA001
|j MZK50
|s P
|